[Event "Montigny le Bretonneux op 21st"]
[Site "Montigny le Bretonneux"]
[Date "2021.12.29"]
[Round "6"]
[White "Sondermeijer, Damien"]
[Black "Subtil, Thimote"]
[Result "1-0"]
[WhiteElo "1714"]
[BlackElo "1199"]
[PlyCount "31"]
[EventDate "2021.12.26"]
[EventType "swiss"]
[EventRounds "9"]
[EventCountry "FRA"]
[SourceTitle "EXT 2023"]
[Source "ChessBase"]
[SourceDate "2022.10.05"]
[SourceVersion "1"]
[SourceVersionDate "2022.10.05"]
[SourceQuality "1"]

1. e4 c6 2. d4 d5 3. e5 c5 4. dxc5 e6 5. Be3 Nc6 6. Nf3 Qc7 7. c4 dxc4 8. Bxc4 Nxe5 9. Nxe5 Qxe5 10. Bb5+ Ke7 11. 0-0 Nf6 12. Bd4 Qd5 13. Nc3 Qd8 14. Re1 Bd7 15. Bxf6+ gxf6 16. Nd5+ 1-0